|
|
|
|
| LEADER |
01560nam a2200397 4500 |
| 001 |
on1022119372 |
| 003 |
OCoLC |
| 005 |
20200326101151.0 |
| 006 |
m o d |
| 007 |
cr un|---aucuu |
| 008 |
180207s2018 mau ob 001 0 eng d |
| 040 |
|
|
|a OPELS
|b eng
|e rda
|e pn
|c OPELS
|d UIU
|d OCLCF
|d UAB
|d UPM
|d D6H
|d OCLCQ
|d ESU
|d UKMGB
|d GrThAP
|
| 015 |
|
|
|a GBB823851
|2 bnb
|
| 016 |
7 |
|
|a 018718595
|2 Uk
|
| 020 |
|
|
|a 9780128152102
|q (print)
|
| 020 |
|
|
|a 9780128154083
|q (ePub ebook)
|
| 020 |
|
|
|a 012815408X
|
| 035 |
|
|
|a (OCoLC)1022119372
|
| 050 |
|
4 |
|a QD400
|
| 082 |
0 |
4 |
|a 547/.59
|2 23
|
| 245 |
0 |
0 |
|a Advances in heterocyclic chemistry.
|n Volume 125 /
|c edited by Eric F.V. Scriven and Christopher A. Ramsden.
|
| 264 |
|
1 |
|a Cambridge, MA :
|b Academic Press is an imprint of Elsevier,
|c 2018.
|
| 300 |
|
|
|a 1 online resource
|
| 336 |
|
|
|a text
|b txt
|2 rdacontent
|
| 337 |
|
|
|a computer
|b c
|2 rdamedia
|
| 338 |
|
|
|a online resource
|b cr
|2 rdacarrier
|
| 490 |
1 |
|
|a Advances in Heterocyclic Chemistry ;
|v volume 125
|
| 588 |
0 |
|
|a Online resource; title from PDF title page (ScienceDirect, viewed February 7, 2018).
|
| 650 |
|
0 |
|a Heterocyclic chemistry.
|
| 650 |
|
7 |
|a Heterocyclic chemistry.
|2 fast
|0 (OCoLC)fst00955735
|
| 655 |
|
4 |
|a Electronic books.
|
| 700 |
1 |
|
|a Scriven, Eric F. V.,
|e editor.
|
| 700 |
1 |
|
|a Ramsden, Christopher A.,
|d 1946-
|e editor.
|
| 776 |
0 |
8 |
|i Print version :
|z 9780128152102
|
| 830 |
|
0 |
|a Advances in Heterocyclic Chemistry ;
|v v. 125.
|
| 856 |
4 |
0 |
|3 ScienceDirect
|u https://www.sciencedirect.com/science/bookseries/00652725/125
|z Full Text via HEAL-Link
|